| 000 | 01060cam a2200217 4500 | ||
|---|---|---|---|
| 001 | WB3916-06 | ||
| 008 | 030429n2003 000 0 eng u | ||
| 035 | _a(Sirsi) u122112 | ||
| 245 | _aManufacturing orders fall | ||
| 260 | _c2003 | ||
| 490 |
_aCBI News Release _v 28 April 2003, (3) |
||
| 520 | _aQuarterly Industry Trends Survey published by the CBI shows a decline in orders along with a fall in domestic demand. Total orders were down more than expected with 37% of firms reporting a fall while 16% reported a rise and with orders expected to continue the downward trend. CBI Director-General stressed that a recession was not predicted but another interest cut is needed as inflation is so subdued. For the CBI Press Release: http://www.cbi.org.uk/ndbs/press.nsf/0363c1f07c6ca12a8025671c00381cc7/bc75520a44a7ed9f80256d11003b7c66?OpenDocument | ||
| 590 | _aWB | ||
| 650 | _aCBI SURVEY | ||
| 650 | _aECONOMIC OUTLOOK | ||
| 650 | _aORDERS | ||
| 650 | _aEXPORT ORDERS | ||
| 650 | _aCONSUMER SPENDING | ||
| 690 | _aECONOMIC ISSUES | ||
| 942 | _n0 | ||
| 999 |
_c72563 _d72563 |
||